Report of the National Transport Policy Committee (Record no. 489977)

000 -LEADER
fixed length control field 00481cam a22001457a 4500
008 - FIXED-LENGTH DATA ELEMENTS--GENERAL INFORMATION
fixed length control field 180718b1980 xxu||||| |||| 00| 0 eng d
082 ## - DEWEY DECIMAL CLASSIFICATION NUMBER
Classification number Wx54 In2tpc
100 ## - MAIN ENTRY--PERSONAL NAME
Personal name India. National Transport Policy Committee
245 ## - TITLE STATEMENT
Title Report of the National Transport Policy Committee
Statement of responsibility, etc. by Planning Commission
260 ## - PUBLICATION, DISTRIBUTION, ETC.
Place of publication, distribution, etc. New Delhi
Name of publisher, distributor, etc. Planning Commission
Date of publication, distribution, etc. 1980
300 ## - PHYSICAL DESCRIPTION
Extent 393+p.
500 ## - GENERAL NOTE
General note Chairman: B.D. Pande
700 ## - ADDED ENTRY--PERSONAL NAME
Personal name India. Planning Commission
700 ## - ADDED ENTRY--PERSONAL NAME
Personal name Pande, B.D. (Chairman)
Holdings
Withdrawn status Lost status Damaged status Not for loan Permanent Location Current Location Date acquired Full call number Barcode Date last seen Price effective from Koha item type
        Indian Institute of Public Administration Indian Institute of Public Administration 2018-08-04 Wx54 In2tpc G15197 2018-08-04 2018-08-04 G
        Indian Institute of Public Administration Indian Institute of Public Administration 2018-08-04 Wx54 In2tpc GG25763 2018-08-04 2018-08-04 GG

Powered by Koha